SOLOMONS ORGANIC CHEMISTRY (Record no. 41670)
[ view plain ]
| 000 -LEADER | |
|---|---|
| fixed length control field | 00409nam a2200169Ia 4500 |
| 003 - CONTROL NUMBER IDENTIFIER | |
| control field | OSt |
| 005 - DATE AND TIME OF LATEST TRANSACTION | |
| control field | 20260421151048.0 |
| 008 - FIXED-LENGTH DATA ELEMENTS--GENERAL INFORMATION | |
| fixed length control field | 230217s9999 xx 000 0 und d |
| 020 ## - INTERNATIONAL STANDARD BOOK NUMBER | |
| International Standard Book Number | 9788126568116 |
| 040 ## - CATALOGING SOURCE | |
| Transcribing agency | MUIT |
| 082 ## - DEWEY DECIMAL CLASSIFICATION NUMBER | |
| Edition number | GLOBAL EDITION |
| Classification number | 615.5 |
| Item number | SOL-O |
| 100 ## - MAIN ENTRY--PERSONAL NAME | |
| Personal name | SOLOMONS, T.W.GRAHAM |
| 245 #0 - TITLE STATEMENT | |
| Title | SOLOMONS ORGANIC CHEMISTRY |
| 260 ## - PUBLICATION, DISTRIBUTION, ETC. | |
| Name of publisher, distributor, etc. | WILEY |
| Place of publication, distribution, etc. | INDIA |
| Date of publication, distribution, etc. | 2016 |
| 300 ## - PHYSICAL DESCRIPTION | |
| Extent | 1124 |
| 942 ## - ADDED ENTRY ELEMENTS (KOHA) | |
| Koha item type | Book |
| Source of classification or shelving scheme | |
| Withdrawn status | Lost status | Damaged status | Not for loan | Collection code | Permanent Location | Current Location | Shelving location | Date acquired | Cost, normal purchase price | Full call number | Barcode | Date last seen | Price effective from | Koha item type | Total Checkouts | Date last checked out |
|---|---|---|---|---|---|---|---|---|---|---|---|---|---|---|---|---|
| Maharishi School of Pharmaceutical Science (Lucknow) | Maharishi School of Pharmaceutical Science (Lucknow) | R1S1 | 2023-02-17 | 959.00 | 615.3 | SOPH3724 | 2023-02-17 | 2023-02-17 | Reference Book | |||||||
| Maharishi School of Pharmaceutical Science (Lucknow) | Maharishi School of Pharmaceutical Science (Lucknow) | R6S3 | 2023-02-17 | 959.00 | 615.3 SOL-O | SOPH3725 | 2023-02-17 | 2023-02-17 | Book | |||||||
| Maharishi School of Pharmaceutical Science (Lucknow) | Maharishi School of Pharmaceutical Science (Lucknow) | R6S3 | 2023-02-17 | 959.00 | 615.3 SOL-O | SOPH3726 | 2024-10-21 | 2023-02-17 | Book | 1 | 2024-10-19 | |||||
| Maharishi School of Pharmaceutical Science (Lucknow) | Maharishi School of Pharmaceutical Science (Lucknow) | R6S3 | 2023-02-17 | 959.00 | 615.3 SOL-O | SOPH3727 | 2023-02-17 | 2023-02-17 | Book | |||||||
| Maharishi School of Pharmaceutical Science (Lucknow) | Maharishi School of Pharmaceutical Science (Lucknow) | R6S3 | 2023-02-17 | 959.00 | 615.3 SOL-O | SOPH3728 | 2023-02-17 | 2023-02-17 | Book |